00696 a2200181 4500020001500000100002200015245009800037250001200135260003700147300003400184500010900218650003400327650003600361650003900397700003100436700002400467700002300491 a013036997710aLangsam, Yedidyah10aData structures using C and C++c/ Yedidyah Langsam, Moshe J. Augenstein, Aaron M. Tenenbaum. a2nd ed.0 aIndiab: Prentice Hallc, c1996. axvi, 672 p.b: ill.c; 24 cm. aRev. ed. of: Data structures using C / Aaron M. Tenenbaum, Yedidyah Langsam, Moshe J. Augenstein. c1990. 0aC (Computer program language) 0aC++ (Computer program language) 0aData structures (Computer science)1 aAugenstein, Moshed, 1947-1 aTenenbaum, Aaron M.1 aTenenbaum, Aaron M